000 00704nam a2200217Ii 4500
003 JO-AjNU
008 230605s9999||||xx |||||||||||||| ||und||
017 _a96/4006
020 _a977-200-144-6
040 _aJO-AjNU
_bara
_erda
_cJO-AjNU
041 _aara
050 1 4 _aLA1646.H34.1996
100 3 _aحجي،أحمد إسماعيل,
_eauthor
_917069
245 0 0 _aالتعليم في مصر،ماضيه،وحاضرة ومستقبله
264 3 1 _aالقاهرة:مكتبة النهضة المصرية،1996
300 _a445ص
336 _atext
_btxt
_2rdacontent
337 _aunmediated
_bn
_2rdamedia
338 _avolume
_bnc
_2rdacarrier
650 4 _a التعليم-مصر-تاريخ
_917070
999 _aA5195
_c8763
_d8763